Vista normal
Vista MARC
Entrada Topical Term
Número de registros utilizados en: 1
001 - CONTROL NUMBER
- control field: 14194
003 - CONTROL NUMBER IDENTIFIER
- control field: OSt
005 - DATE AND TIME OF LATEST TRANSACTION
- control field: 20210301163007.0
008 - FIXED-LENGTH DATA ELEMENTS
- fixed length control field: 210301|| aca||aabn | a|a d
040 ## - CATALOGING SOURCE
- Original cataloging agency: OSt
- Transcribing agency: OSt
150 ## - HEADING--TOPICAL TERM
- Topical term or geographic name entry element: Partidos comunistas
- General subdivision: Congresos
670 ## - SOURCE DATA FOUND
- Source citation: Work cat.: (OSt): Khrushchev, Nikita Jruschov, autor 14191, Informe del comité central del PCUS al XXII Congreso del Partido Comunista de la Unión Soviética / , 1961